[Event "4NCL/Div2/CAMB1 vs. NWE2"]
[Site "Birmingham ENG"]
[Date "2005.10.23"]
[Round "2.1"]
[White "Mah, Karl C C"]
[Black "Coates, Kenneth G"]
[Result "1/2-1/2"]
[WhiteElo "2425"]
[BlackElo "2197"]
[PlyCount "124"]
[EventDate "2005.10.23"]
[SourceDate "2005.10.25"]

1. d4 d5 2. c4 c6 3. Nf3 Nf6 4. e3 g6 5. Nc3 Bg7 6. h3 O-O 7. Be2 Re8 8. Ne5
Be6 9. Bd2 Nbd7 10. cxd5 Bxd5 11. Nxd5 Nxd5 12. Nxd7 Qxd7 13. O-O e5 14. dxe5
Rad8 15. e4 Nb6 16. Bg5 Qxd1 17. Rfxd1 Rxd1+ 18. Rxd1 Bxe5 19. b3 Bc7 20. Bd3
Kg7 21. Kf1 a6 22. Be3 Rd8 23. Ke2 Nc8 24. f4 Bb6 25. Bc1 Bd4 26. Bc2 Bf6 27.
Rh1 h5 28. Kf3 Bc3 29. Be3 b6 30. Ke2 c5 31. Bd3 a5 32. g4 hxg4 33. hxg4 Bd4
34. Bc1 Ne7 35. g5 Nc6 36. a3 Bc3 37. Bc4 Bd4 38. Kf3 Bc3 39. Bd5 Ne7 40. Rd1
Nxd5 41. Rxd5 Rxd5 42. exd5 Kf8 43. Ke4 Ke7 44. a4 f5+ 45. gxf6+ Bxf6 46. Bd2
Kd6 47. Be1 Kd7 48. Bg3 Bg7 49. f5 gxf5+ 50. Kxf5 Bd4 51. Ke4 Bf6 52. Kd3 Kc8
53. Kc4 Kb7 54. Kb5 Bg5 55. Bd6 Be3 56. Be7 Kc7 57. Bf6 Bf4 58. Ka6 Bg3 59. Bg5
Be5 60. Kb5 Bg3 61. Bh6 Be5 62. Bf8 Bd4 1/2-1/2

[Event "4NCL/Div2/CAMB1 vs. NWE2"]
[Site "Birmingham ENG"]
[Date "2005.10.23"]
[Round "2.2"]
[White "Jowett, Pete"]
[Black "Dearing, Eddie"]
[Result "1/2-1/2"]
[WhiteElo "2184"]
[BlackElo "2417"]
[PlyCount "82"]
[EventDate "2005.10.23"]
[SourceDate "2005.10.25"]

1. e4 g6 2. d4 Bg7 3. Nc3 d6 4. Nf3 Nf6 5. Bg5 c6 6. e5 dxe5 7. dxe5 Qxd1+ 8.
Rxd1 Ng4 9. Bf4 Nd7 10. e6 fxe6 11. Bc4 Nb6 12. Bb3 Nd5 13. Bd2 O-O 14. O-O Ne5
15. Nxe5 Bxe5 16. Rfe1 Bf6 17. Bh6 Re8 18. Ne4 Bxb2 19. Nc5 Bg7 20. Bg5 h6 21.
Bh4 Kf7 22. Rd3 g5 23. Bg3 b6 24. Rf3+ Bf6 25. Nd3 c5 26. Ba4 Bb7 27. Bxe8+
Rxe8 28. Ne5+ Kg7 29. Ra3 a6 30. Nd3 c4 31. Ne5 b5 32. Nd7 Bc8 33. Nc5 Nb4 34.
Re2 Kf7 35. c3 Rd8 36. h3 Rd1+ 37. Kh2 Nd5 38. Be5 Nf4 39. Bxf4 gxf4 40. Nxa6
Rd3 41. Nc5 Rd5 1/2-1/2

[Event "4NCL/Div2/CAMB1 vs. NWE2"]
[Site "Birmingham ENG"]
[Date "2005.10.23"]
[Round "2.3"]
[White "Moskovic, David M"]
[Black "Mulligan, Stephen"]
[Result "0-1"]
[WhiteElo "2284"]
[BlackElo "2169"]
[PlyCount "80"]
[EventDate "2005.10.23"]
[SourceDate "2005.10.25"]

1. Nf3 Nf6 2. g3 g6 3. Bg2 Bg7 4. O-O O-O 5. d3 d6 6. e4 e5 7. Nc3 Nc6 8. h3 h6
9. Be3 Be6 10. Qd2 Kh7 11. d4 Bd7 12. Rad1 Re8 13. d5 Ne7 14. Ne1 g5 15. f4
gxf4 16. gxf4 exf4 17. Bxf4 Ng6 18. Bh2 Qe7 19. Nf3 Rg8 20. Kh1 a6 21. Nd4 Nh4
22. Nf5 Bxf5 23. exf5 Nh5 24. Rde1 Be5 25. Be4 Qf6 26. Rg1 Rae8 27. Qf2 Bd4 28.
Qe2 Bxg1 29. Qxh5 Bxh2 30. Kxh2 Qe5+ 31. Kh1 Qg3 32. Qxf7+ Rg7 33. Qxg7+ Kxg7
34. Rg1 Nxf5 35. Bxf5 Re1 36. Ne2 Rxg1+ 37. Nxg1 Qe5 38. Bd3 Qxd5+ 39. Kh2 Qxa2
40. Kg2 Qxb2 0-1

[Event "4NCL/Div2/CAMB1 vs. NWE2"]
[Site "Birmingham ENG"]
[Date "2005.10.23"]
[Round "2.4"]
[White "Ruston, Mark"]
[Black "Alfred, Nathan S W"]
[Result "1/2-1/2"]
[WhiteElo "2116"]
[BlackElo "2338"]
[PlyCount "51"]
[EventDate "2005.10.23"]
[SourceDate "2005.10.25"]

1. e4 c5 2. Nc3 e6 3. g3 a6 4. a4 Nc6 5. Bg2 Qc7 6. f4 d6 7. Nf3 Be7 8. O-O Nf6
9. d3 Bd7 10. h3 h6 11. Be3 O-O-O 12. Ne2 Rdg8 13. c3 Kb8 14. Qb1 d5 15. e5 Nh7
16. d4 c4 17. Nd2 f6 18. b3 cxb3 19. c4 dxc4 20. Nxc4 Nxd4 21. Bxd4 Qxc4 22.
Rc1 Qb4 23. Bc3 Qb6+ 24. Bd4 Qb4 25. Bc3 Qb6+ 26. Bd4 1/2-1/2

[Event "4NCL/Div2/CAMB1 vs. NWE2"]
[Site "Birmingham ENG"]
[Date "2005.10.23"]
[Round "2.5"]
[White "Eckersley-Waites, Adam"]
[Black "Rabbitte, Dominic M"]
[Result "1-0"]
[WhiteElo "2143"]
[BlackElo "2030"]
[PlyCount "113"]
[EventDate "2005.10.23"]
[SourceDate "2005.10.25"]

1. e4 c5 2. Nf3 d6 3. d4 cxd4 4. Nxd4 Nf6 5. Nc3 g6 6. Be3 Bg7 7. f3 O-O 8. Qd2
Nc6 9. Bc4 Bd7 10. Bb3 Qa5 11. O-O-O Rfc8 12. h4 Ne5 13. g4 b5 14. h5 Nc4 15.
Bxc4 bxc4 16. Bh6 Bh8 17. Nf5 Bxf5 18. exf5 Rab8 19. hxg6 fxg6 20. Qe3 Qe5 21.
Qxe5 dxe5 22. fxg6 hxg6 23. g5 Nh5 24. Rd7 Ng3 25. Rhd1 Nf5 26. Rxa7 Rd8 27.
Rc7 Rd4 28. a4 Ne3 29. Re1 Nf5 30. Re4 Kf7 31. Rxc4 Nd6 32. Rcxd4 exd4 33. Rf4+
Nf5 34. Nb5 e5 35. Re4 Rc8 36. Kd2 Ke6 37. Kd3 Kd5 38. c3 Ng3 39. cxd4 Nxe4 40.
fxe4+ Ke6 41. d5+ Ke7 42. b4 Kd7 43. a5 Ra8 44. Kc4 Rc8+ 45. Kb3 Ra8 46. Nc3
Kd6 47. Na4 Kc7 48. Nb6 Rd8 49. Kc4 Rb8 50. Kc5 Kb7 51. d6 Rd8 52. b5 Rg8 53.
a6+ Ka7 54. Kc6 Rb8 55. d7 Rxb6+ 56. Kc7 Bf6 57. gxf6 1-0

[Event "4NCL/Div2/CAMB1 vs. NWE2"]
[Site "Birmingham ENG"]
[Date "2005.10.23"]
[Round "2.6"]
[White "Morrison, Lynne"]
[Black "Hodge, David J"]
[Result "0-1"]
[WhiteElo "2003"]
[BlackElo "2164"]
[PlyCount "75"]
[EventDate "2005.10.23"]
[SourceDate "2005.10.25"]

1. d4 Nf6 2. Nf3 g6 3. Bg5 Bg7 4. c3 Ne4 5. Bh4 d5 6. Nbd2 Nd6 7. e3 b6 8. Bd3
Bb7 9. Qe2 Nd7 10. e4 dxe4 11. Nxe4 Nf5 12. Bg5 h6 13. Bf4 O-O 14. Rd1 Nd6 15.
O-O Nf6 16. Ng3 c5 17. dxc5 bxc5 18. Ne5 Qb6 19. Nc4 Nxc4 20. Bxc4 Rae8 21. Be5
Rd8 22. f4 e6 23. Bd3 c4+ 24. Bd4 cxd3 25. Qd2 Qc6 26. Bxa7 Ne4 27. Nxe4 Qxe4
28. Be3 Ra8 29. a3 Rfc8 30. Rf2 Ba6 31. Re1 h5 32. Bd4 Qd5 33. Be5 Bc4 34. Rf3
Rd8 35. Rg3 Kh7 36. Kf1 Ra6 37. Rge3 f6 38. Bd4 $138 0-1

[Event "4NCL/Div2/OXF1 vs. BRI1"]
[Site "Birmingham ENG"]
[Date "2005.11.19"]
[Round "3.1"]
[White "Savage, Ben D"]
[Black "Cobb, Charles"]
[Result "1-0"]
[WhiteElo "2310"]
[BlackElo "2405"]
[PlyCount "141"]
[EventDate "2005.11.19"]
[EventType "team"]
[EventRounds "11"]
[EventCountry "ENG"]
[SourceDate "2005.10.25"]

1. e4 e6 2. d4 d5 3. Nd2 Nf6 4. e5 Nfd7 5. Bd3 c5 6. c3 Nc6 7. Ne2 cxd4 8. cxd4
f6 9. Nf4 Nxd4 10. Qh5+ Ke7 11. exf6+ Nxf6 12. Ng6+ hxg6 13. Qxh8 Kf7 14. Qh4
e5 15. Nf3 Nxf3+ 16. gxf3 Bf5 17. Bxf5 gxf5 18. Bg5 Qa5+ 19. Kf1 g6 20. Bxf6
Qa6+ 21. Kg2 Qxf6 22. Qa4 Qc6 23. Qb3 Bh6 24. Rad1 Ke6 25. Rd3 Rd8 26. Rhd1 Bf4
27. Rc3 Qb6 28. Qxb6+ axb6 29. Rc7 d4 30. Rxb7 Rd6 31. b4 d3 32. a4 d2 33. a5
bxa5 34. bxa5 Rd3 35. a6 Ra3 36. a7 g5 37. Kf1 Ra2 38. Ke2 Kd6 39. Rdb1 Kc6 40.
Rf7 Kd6 41. Rh7 Kc5 42. Rf7 Ra3 43. h3 Kd6 44. Rb6+ Kc5 45. Rb2 Kd4 46. Rc2 e4
47. fxe4 Ra1 48. Rd7+ Kxe4 49. Rc4+ Ke5 50. Rc8 g4 51. hxg4 fxg4 52. Re8+ Kf5
53. Rf8+ Ke5 54. Re8+ Kf5 55. Rd5+ Kf6 56. Rxd2 Bxd2 57. a8=Q Rxa8 58. Rxa8 Bf4
59. Ra5 Be5 60. Ke3 g3 61. f4 Bc7 62. Rg5 Bb6+ 63. Ke4 Bf2 64. Rg4 Be1 65. f5
Kf7 66. Rg6 Bf2 67. Ke5 Be1 68. Rc6 Ba5 69. Rf6+ Ke7 70. Ra6 Bc3+ 71. Kf4 1-0

[Event "4NCL/Div2/OXF1 vs. BRI1"]
[Site "Birmingham ENG"]
[Date "2005.11.19"]
[Round "3.2"]
[White "Buckley, Simon T"]
[Black "Rose, Matthew"]
[Result "1-0"]
[WhiteElo "2338"]
[BlackElo "2219"]
[PlyCount "56"]
[EventDate "2005.11.19"]
[EventType "team"]
[EventRounds "11"]
[EventCountry "ENG"]
[SourceDate "2005.10.25"]

1. d4 Nf6 2. Bg5 d5 3. Bxf6 exf6 4. e3 Bd6 5. Nd2 c6 6. a3 Nd7 7. Ne2 f5 8. g3
Nf6 9. c4 dxc4 10. Nxc4 Bc7 11. Bg2 Be6 12. Nd2 h5 13. Nc3 h4 14. b4 Nd5 15.
Na4 g5 16. Nc5 Qe7 17. b5 cxb5 18. Qb3 Nf4 19. Qxb5+ Bd7 20. Qxb7 Nxg2+ 21.
Qxg2 Rc8 22. Nxd7 Qxd7 23. Rc1 Qb5 24. Rc5 Qa6 25. gxh4 g4 26. Nc4 O-O 27. h5
Bxh2 28. Qxh2 Rxc5 {scoresheets illegible} 1-0

[Event "4NCL/Div2/OXF1 vs. BRI1"]
[Site "Birmingham ENG"]
[Date "2005.11.19"]
[Round "3.3"]
[White "Ozeren, Kemal"]
[Black "Vitoux, Columban"]
[Result "0-1"]
[WhiteElo "2286"]
[BlackElo "2264"]
[PlyCount "126"]
[EventDate "2005.11.19"]
[EventType "team"]
[EventRounds "11"]
[EventCountry "ENG"]
[SourceDate "2005.10.25"]

1. d4 Nf6 2. Nf3 g6 3. c4 Bg7 4. Nc3 d5 5. Bg5 Ne4 6. cxd5 Nxg5 7. Nxg5 c6 8.
e3 e6 9. Nf3 exd5 10. b4 O-O 11. Be2 Nd7 12. O-O Nf6 13. Rc1 a6 14. a4 Be6 15.
Ne5 Ne4 16. Nd3 Nd6 17. Nc5 b5 18. Qb3 Bf5 19. Ra1 Qg5 20. Kh1 Nc4 21. Ra2 Rfe8
22. axb5 axb5 {=} 23. Bxc4 dxc4 24. Qb2 Rxa2 25. Qxa2 Bg4 26. Qa6 Rc8 27. f3
Qf5 28. e4 Qf4 29. Ne2 Qe3 30. fxg4 Rf8 31. Ng3 Bxd4 32. Qxc6 Be5 33. Rf3 Qe1+
34. Nf1 Bd4 35. Nd7 Bf2 36. Rxf2 Qxf2 37. Qf6 Qxf6 38. Nxf6+ Kg7 39. Nd5 f5 40.
gxf5 gxf5 41. Nc7 Rc8 42. Nxb5 c3 43. Nxc3 Rxc3 44. exf5 {=} Kf6 45. Kg1 Kxf5
46. Kf2 Rb3 47. Nd2 Rxb4 48. Kg3 Rb8 49. h3 Rg8+ 50. Kf3 Rd8 51. Ke3 Rc8 52. g3
Rc3+ 53. Kf2 h6 54. Nf1 Rc1 55. Ke2 Ra1 56. Kf2 Ke4 57. Nd2+ Kd3 58. Nf1 Ra8
59. g4 Ke4 60. Kg3 Ra3+ 61. Kh4 Kf4 62. Nd2 Rc3 63. Nb1 Rd3 0-1

[Event "4NCL/Div2/OXF1 vs. BRI1"]
[Site "Birmingham ENG"]
[Date "2005.11.19"]
[Round "3.4"]
[White "Rudd, Jack"]
[Black "Shaw, David A"]
[Result "1-0"]
[WhiteElo "2281"]
[BlackElo "2200"]
[PlyCount "55"]
[EventDate "2005.11.19"]
[EventType "team"]
[EventRounds "11"]
[EventCountry "ENG"]
[SourceDate "2005.10.25"]

1. e4 e6 2. d4 d5 3. Nd2 Nf6 4. e5 Nfd7 5. f4 c5 6. c3 Nc6 7. Ndf3 Qb6 8. a3
Be7 9. b4 cxd4 10. cxd4 Nf8 11. Bd3 Bd7 12. Ne2 f6 13. Be3 a6 14. Nc3 Na7 15.
O-O Bc6 16. f5 g6 17. fxe6 Nxe6 18. Na4 Qc7 19. Nc5 Nxc5 20. bxc5 O-O-O 21. Bf4
Rhf8 22. Qd2 Qd7 23. Qa5 Bb5 24. e6 Qc6 25. Bxb5 Nxb5 26. Rab1 g5 27. Bg3 Rde8
28. a4 {time} 1-0

[Event "4NCL/Div2/OXF1 vs. BRI1"]
[Site "Birmingham ENG"]
[Date "2005.11.19"]
[Round "3.5"]
[White "Milovanovic, Aleksander"]
[Black "Beaumont, Chris"]
[Result "0-1"]
[WhiteElo "2220"]
[BlackElo "2329"]
[PlyCount "108"]
[EventDate "2005.11.19"]
[EventType "team"]
[EventRounds "11"]
[EventCountry "ENG"]
[SourceDate "2005.10.25"]

1. d4 d6 2. Nf3 g6 3. c4 Bg7 4. Nc3 Nf6 5. Bg5 O-O 6. e3 c5 7. Be2 Bf5 8. d5
Ne4 9. Nxe4 Bxe4 10. Nd2 Bxg2 11. Rg1 Bh3 12. Qc2 Na6 13. Rg3 Bd7 14. h4 Nb4
15. Qc1 h6 16. Bf4 e5 17. dxe6 Bxe6 18. a3 Nc6 19. Qc2 Bf5 20. Bd3 Bxd3 21.
Qxd3 Qxh4 22. O-O-O Qf6 23. Qc2 Nd4 24. Ne4 Qxf4 25. Rxd4 Qh4 26. Rd5 Rad8 27.
Rg1 Qe7 28. Rgd1 Be5 29. Rh1 Rfe8 30. Nc3 Kg7 31. Ne2 a6 32. Nc3 Kh7 33. Rd3
Bxc3 34. Qxc3 Qe5 35. Qc2 b5 36. cxb5 axb5 37. Rhd1 d5 38. Kb1 d4 39. exd4 Rxd4
40. Rxd4 cxd4 41. Qb3 Qf5+ 42. Ka1 Rd8 43. Rd3 Qd5 44. Qd1 h5 45. Qd2 Kg7 46.
f4 Qe4 47. Ka2 Rd5 48. Ka1 Rd6 49. Ka2 h4 50. Ka1 Re6 51. Rxd4 Qe1+ 52. Ka2
Qxd2 53. Rxd2 Re4 54. Rf2 Kf6 0-1

[Event "4NCL/Div2/OXF1 vs. BRI1"]
[Site "Birmingham ENG"]
[Date "2005.11.19"]
[Round "3.6"]
[White "Sherwin, James T"]
[Black "Smallbone, Kieran"]
[Result "1/2-1/2"]
[WhiteElo "2274"]
[BlackElo "2194"]
[PlyCount "59"]
[EventDate "2005.11.19"]
[EventType "team"]
[EventRounds "11"]
[EventCountry "ENG"]
[SourceDate "2005.10.25"]

1. d4 d5 2. c4 c6 3. Nf3 Nf6 4. Nc3 dxc4 5. a4 Bf5 6. e3 e6 7. Bxc4 Bb4 8. O-O
Nbd7 9. Qe2 Bg6 10. e4 O-O 11. Bd3 Bh5 12. e5 Nd5 13. Ne4 Be7 14. Ng3 Bg6 15.
Bxg6 fxg6 16. Qe4 Qe8 17. Bd2 N7b6 18. Rfc1 a5 19. Qg4 Qf7 20. Ne4 Qf5 21. Qxf5
Rxf5 22. Nc5 Bxc5 23. Rxc5 Nb4 24. Bxb4 axb4 25. a5 Nd5 26. Rd1 Nc7 27. Rc4
Rxa5 28. Rxb4 Rb5 29. Rxb5 Nxb5 30. h4 1/2-1/2

[Event "4NCL/Div2/OXF1 vs. BRI1"]
[Site "Birmingham ENG"]
[Date "2005.11.19"]
[Round "3.7"]
[White "Tsai, Cindy"]
[Black "Buckley, David E"]
[Result "0-1"]
[WhiteElo "2158"]
[BlackElo "2246"]
[PlyCount "56"]
[EventDate "2005.11.19"]
[EventType "team"]
[EventRounds "11"]
[EventCountry "ENG"]
[SourceDate "2005.10.25"]

1. d4 Nf6 2. c4 g6 3. Nc3 d5 4. Nf3 Bg7 5. cxd5 Nxd5 6. Qb3 Nxc3 7. bxc3 O-O 8.
Ba3 Nd7 9. e3 c5 10. Rd1 cxd4 11. Nxd4 Bf6 12. h4 Qc7 13. h5 Nc5 14. Qc4 b6 15.
Nb5 Qc6 16. hxg6 hxg6 17. Qf4 Ne6 18. Qh2 Re8 19. c4 Ba6 20. Nd6 Bc3+ 21. Ke2
Bxc4+ 22. Nxc4 Qxc4+ 23. Kf3 Qa4 24. Qh7+ Kf8 25. Rd5 Qxa3 26. Bc4 Rac8 27. Bb3
Rc5 28. Rd3 Ng5+ 0-1

[Event "4NCL/Div2/OXF1 vs. BRI1"]
[Site "Birmingham ENG"]
[Date "2005.11.19"]
[Round "3.8"]
[White "James, Ann-Marie"]
[Black "Webster, Ian"]
[Result "0-1"]
[WhiteElo "2082"]
[BlackElo "2119"]
[PlyCount "106"]
[EventDate "2005.11.19"]
[EventType "team"]
[EventRounds "11"]
[EventCountry "ENG"]
[SourceDate "2005.10.25"]

1. e4 e6 2. Nf3 c5 3. c3 d5 4. exd5 exd5 5. d4 Nc6 6. Be3 cxd4 7. cxd4 Nf6 8.
Nc3 Be7 9. Bd3 O-O 10. h3 Qb6 11. Qd2 Re8 12. O-O Bd7 13. Ne5 Rad8 14. Na4 Qb4
15. Nxc6 Bxc6 16. Nc3 Ne4 17. Nxe4 dxe4 18. Qxb4 Bxb4 19. Bc4 Bd5 20. Rac1 Ba5
21. Bxd5 Rxd5 22. Rc5 Red8 23. Rfc1 Bb6 24. Rxd5 Rxd5 25. g4 h5 26. gxh5 Rxh5
27. Rc8+ Kh7 28. Re8 Rb5 29. b3 f5 30. Re7 Ba5 31. Rd7 Bc3 32. Bf4 Ra5 33. a4
Ra6 34. Be5 Rb6 35. Bxg7 Rg6+ 36. Kf1 Rxg7 37. Rd6 Bb4 38. Rf6 Bc3 39. Rxf5
Bxd4 40. Rf4 Re7 41. f3 Kg6 42. Rg4+ Kf5 43. fxe4+ Rxe4 44. Rg8 Bf6 45. Kg2 Rb4
46. Rg3 Bg5 47. Rc3 Ke4 48. Rg3 Be3 49. h4 Rxb3 50. h5 Rb2+ 51. Kf1 Kd3 52. Rh3
Rf2+ 53. Ke1 Rg2 0-1

[Event "4NCL/Div2/WGR3 vs. SWD1"]
[Site "Birmingham ENG"]
[Date "2005.11.19"]
[Round "3.1"]
[White "Woodward, Timothy"]
[Black "Cobb, James E"]
[Result "1-0"]
[WhiteElo "2334"]
[BlackElo "2343"]
[PlyCount "63"]
[EventDate "2005.11.19"]
[EventType "team"]
[EventRounds "11"]
[EventCountry "ENG"]
[SourceDate "2005.10.25"]

1. d4 e6 2. c4 d5 3. Nc3 Be7 4. Nf3 Nf6 5. Bf4 O-O 6. e3 c5 7. dxc5 Nc6 8. a3
Bxc5 9. Qc2 Qa5 10. Rd1 Be7 11. Be2 dxc4 12. Bxc4 b6 13. Bb5 Bd7 14. Rxd7 Nxd7
15. Bxc6 Rad8 16. O-O Nf6 17. Ne5 Qa6 18. Bb5 Qb7 19. Nc6 Rc8 20. Nxe7+ Qxe7
21. Ba6 Rcd8 22. e4 Qc5 23. Be3 Qh5 24. h3 Nd7 25. Be2 Qh4 26. Rc1 Kh8 27. Qa4
a5 28. Qb5 f5 29. exf5 exf5 30. Nd5 f4 31. Nxf4 Rxf4 32. g3 1-0

[Event "4NCL/Div2/WGR3 vs. SWD1"]
[Site "Birmingham ENG"]
[Date "2005.11.19"]
[Round "3.2"]
[White "Cooper, John G"]
[Black "Tiller, Bjorn"]
[Result "0-1"]
[WhiteElo "2347"]
[BlackElo "2346"]
[PlyCount "76"]
[EventDate "2005.11.19"]
[EventType "team"]
[EventRounds "11"]
[EventCountry "ENG"]
[SourceDate "2005.10.25"]

1. d4 g6 2. c4 Bg7 3. e4 d6 4. Nc3 e5 5. Nge2 Nc6 6. d5 Nce7 7. h4 h5 8. g3 Bh6
9. Bxh6 Nxh6 10. Qd2 Kf8 11. O-O-O Kg7 12. f3 a6 13. Kb1 f6 14. Nc1 Nf7 15. Be2
Rh7 16. Nd3 c5 17. f4 Bd7 18. fxe5 fxe5 19. Nf2 Ng8 20. Rdg1 Qf6 21. Rf1 Qe7
22. g4 hxg4 23. Bxg4 Nf6 24. Bxd7 Qxd7 25. Nh3 Qg4 26. Nf4 exf4 27. Rxf4 Qd7
28. Rhf1 Ne5 29. Rxf6 Rxh4 30. Re6 Rh5 31. Qf2 Qd8 32. Rxe5 dxe5 33. Qf7+ Kh6
34. Qxb7 Rb8 35. Qxa6 Qg5 36. Nb5 Qd2 37. Qa3 Rh2 38. Rc1 Rf8 0-1

[Event "4NCL/Div2/WGR3 vs. SWD1"]
[Site "Birmingham ENG"]
[Date "2005.11.19"]
[Round "3.3"]
[White "Tan, Desmond"]
[Black "Jones, Richard S"]
[Result "1-0"]
[WhiteElo "2323"]
[BlackElo "2310"]
[PlyCount "67"]
[EventDate "2005.11.19"]
[EventType "team"]
[EventRounds "11"]
[EventCountry "ENG"]
[SourceDate "2005.10.25"]

1. e4 c5 2. Nc3 Nc6 3. Nf3 e5 4. Bc4 d6 5. d3 Be7 6. O-O Bg4 7. h3 Bh5 8. Nd5
Nf6 9. c3 Nxd5 10. Bxd5 Qd7 11. a3 h6 12. b4 cxb4 13. axb4 Bg5 14. Be3 Ne7 15.
Nxe5 Bxd1 16. Nxd7 Kxd7 17. Rfxd1 Nxd5 18. exd5 Bf6 19. Ra3 a6 20. c4 Rhe8 21.
Rb1 b5 22. Ra2 Rec8 23. c5 Re8 24. d4 Re4 25. Rba1 dxc5 26. bxc5 Bxd4 27. Rxa6
Rxa6 28. Rxa6 Bxe3 29. fxe3 Rxe3 30. Ra7+ Ke8 31. Rb7 Re5 32. Rb8+ Ke7 33. d6+
Kd7 34. Rb7+ 1-0

[Event "4NCL/Div2/WGR3 vs. SWD1"]
[Site "Birmingham ENG"]
[Date "2005.11.19"]
[Round "3.4"]
[White "Dineley, Richard D P"]
[Black "Pokorna, Regina"]
[Result "1/2-1/2"]
[WhiteElo "2264"]
[BlackElo "2353"]
[PlyCount "74"]
[EventDate "2005.11.19"]
[EventType "team"]
[EventRounds "11"]
[EventCountry "ENG"]
[SourceDate "2005.10.25"]

1. e4 e5 2. Nf3 Nc6 3. Bb5 a6 4. Ba4 Nf6 5. O-O Be7 6. Re1 b5 7. Bb3 O-O 8. a4
Bb7 9. d3 d6 10. Nbd2 Nb8 11. Nf1 Nbd7 12. c3 Nc5 13. Bc2 Re8 14. Ng3 Bf8 15.
axb5 axb5 16. Rxa8 Bxa8 17. b4 Ne6 18. Bb3 {=} c5 19. Ng5 d5 20. Nxe6 Rxe6 21.
bxc5 Bxc5 22. Be3 Bxe3 23. Rxe3 Ra6 24. exd5 Bxd5 25. h3 g6 26. Bxd5 Qxd5 27.
Qe2 Ra2 28. Qe1 Kg7 29. Qb1 Ra4 30. Qb2 Ra2 31. Qb1 Ra8 32. Qb4 Ra1+ 33. Kh2 h5
34. Qe7 Rc1 35. Qxe5 Qxe5 36. Rxe5 Rxc3 37. Rxb5 Rxd3 1/2-1/2

[Event "4NCL/Div2/WGR3 vs. SWD1"]
[Site "Birmingham ENG"]
[Date "2005.11.19"]
[Round "3.5"]
[White "Lee, Graham D"]
[Black "Blackburn, Jonathan L B"]
[Result "1-0"]
[WhiteElo "2283"]
[BlackElo "2208"]
[PlyCount "77"]
[EventDate "2005.11.19"]
[EventType "team"]
[EventRounds "11"]
[EventCountry "ENG"]
[SourceDate "2005.10.25"]

1. e4 e6 2. d4 d5 3. e5 c5 4. c3 Nc6 5. Nf3 Qb6 6. a3 c4 7. Qc2 Bd7 8. Bf4 h6
9. h4 Na5 10. Nbd2 O-O-O 11. Be2 Ne7 12. h5 Kb8 13. g4 Ka8 14. Nh4 Nec6 15. O-O
Be7 16. Bg3 Rc8 17. Kg2 Nb3 18. Nxb3 cxb3 19. Qd1 Na5 20. Bd3 Bb5 21. Qe2 Bxd3
22. Qxd3 Nc4 23. Qe2 Nxa3 24. bxa3 Rxc3 25. Nf3 b2 26. Rab1 Bxa3 27. Bf4 Rhc8
28. Bd2 Rc2 29. Qe3 Bb4 30. Rfd1 a5 31. Qb3 Qa6 32. Bxb4 axb4 33. Rxb2 Qe2 34.
Rd2 Rxb2 35. Rxb2 Qe4 36. Kg3 g5 37. hxg6 fxg6 38. Qxb4 Rd8 39. Qxb7# 1-0

[Event "4NCL/Div2/WGR3 vs. SWD1"]
[Site "Birmingham ENG"]
[Date "2005.11.19"]
[Round "3.6"]
[White "Kett, Timothy"]
[Black "Maduekwe, Chiedu"]
[Result "0-1"]
[WhiteElo "2202"]
[BlackElo "2142"]
[PlyCount "102"]
[EventDate "2005.11.19"]
[EventType "team"]
[EventRounds "11"]
[EventCountry "ENG"]
[SourceDate "2005.10.25"]

1. e4 c6 2. d3 d5 3. Nd2 e5 4. Ngf3 Bd6 5. Be2 Ne7 6. O-O O-O 7. d4 exd4 8.
Nxd4 Nd7 9. exd5 Nxd5 10. Ne4 Bxh2+ 11. Kxh2 Qh4+ 12. Kg1 Qxe4 13. Bd3 Qh4 14.
Nf5 Qf6 15. c4 Nb4 16. Bb1 Nc5 17. Ng3 g6 18. a3 Rd8 19. Qe2 Nbd3 20. Bxd3 Nxd3
21. Ne4 Qe5 22. Bg5 Rd4 23. Nf6+ Kg7 24. Ne8+ Kf8 25. Qxe5 Nxe5 26. Rfe1 Kxe8
27. Rxe5+ Be6 28. b3 Rc8 29. Kf1 Rc7 30. Be3 Rd3 31. Bxa7 Rxb3 32. Re4 b6 33.
Bb8 Rd7 34. a4 Rd2 35. c5 bxc5 36. Bf4 Rd4 37. Rxd4 cxd4 38. a5 Bc4+ 39. Ke1
Ba6 40. Bd6 Kd7 41. Bc5 d3 42. Ra4 Rb1+ 43. Kd2 Rb2+ 44. Ke3 Re2+ 45. Kf3 Re5
46. Rd4+ Ke8 47. Bb6 c5 48. Rd6 c4 49. Bd4 Bb7+ 50. Kf4 Rxa5 51. Bf6 Rd5 0-1

[Event "4NCL/Div2/WGR3 vs. SWD1"]
[Site "Birmingham ENG"]
[Date "2005.11.19"]
[Round "3.7"]
[White "Hasman, Cengiz"]
[Black "James, David J"]
[Result "1/2-1/2"]
[WhiteElo "2152"]
[BlackElo "2222"]
[PlyCount "132"]
[EventDate "2005.11.19"]
[EventType "team"]
[EventRounds "11"]
[EventCountry "ENG"]
[SourceDate "2005.10.25"]

1. d4 Nf6 2. c4 e6 3. Nc3 Bb4 4. Qc2 b6 5. a3 Bxc3+ 6. Qxc3 Bb7 7. Nf3 Ne4 8.
Qc2 d6 9. e3 Nd7 10. Bd3 f5 11. O-O O-O 12. Nd2 Nxd2 13. Bxd2 Nf6 14. f3 Qe7
15. b4 c5 16. Bc3 h6 17. Rad1 Rac8 18. dxc5 dxc5 19. bxc5 Qxc5 20. Bd4 Qe7 21.
Qb2 Nd7 22. Be2 Ba6 23. Bxg7 Qxg7 24. Qxg7+ Kxg7 25. Rxd7+ Rf7 26. Rfd1 Bxc4
27. Bxc4 Rxc4 28. Rxf7+ Kxf7 29. Rd7+ Kf6 30. Rxa7 Rc2 31. Ra6 Rb2 32. f4 Ke7
33. a4 Kd7 34. a5 bxa5 35. Rxa5 Ke7 36. Kf1 Kf6 37. Ra1 h5 38. Re1 e5 39. fxe5+
Kxe5 40. Re2 Rb3 41. Kf2 f4 42. exf4+ Kxf4 43. g3+ Kf5 44. Kg2 Ra3 45. Kh3 Ra4
46. Rb2 Kg5 47. Rb5+ Kg6 48. Rb6+ Kg5 49. Rb8 Rc4 50. Rg8+ Kf5 51. Rf8+ Kg5 52.
Re8 Rb4 53. Re5+ Kg6 54. Re2 Kg5 55. Rc2 Ra4 56. Rc3 Rb4 57. Kg2 Rb2+ 58. Kh3
Rb4 59. Rc5+ Kg6 60. Rc2 Kg5 61. Kg2 h4 62. Rc5+ Kg6 63. Kh3 hxg3 64. hxg3 Rb6
65. Kh4 Ra6 66. Rg5+ Kh6 1/2-1/2

[Event "4NCL/Div2/WGR3 vs. SWD1"]
[Site "Birmingham ENG"]
[Date "2005.11.19"]
[Round "3.8"]
[White "Wilson, Julie"]
[Black "Kikoyo, Ali"]
[Result "1-0"]
[WhiteElo "1945"]
[BlackElo "2065"]
[PlyCount "69"]
[EventDate "2005.11.19"]
[EventType "team"]
[EventRounds "11"]
[EventCountry "ENG"]
[SourceDate "2005.10.25"]

1. d4 e6 2. c4 Nf6 3. Nf3 d5 4. Nc3 c5 5. e3 Nc6 6. cxd5 exd5 7. h3 cxd4 8.
Nxd4 a6 9. Nxc6 bxc6 10. Be2 Bd6 11. O-O O-O 12. b3 Be5 13. Bb2 Re8 14. Qd3 g6
15. Rad1 Bf5 16. Qd2 Qe7 17. Rfe1 h5 18. f4 Bd6 19. Na4 c5 20. Bf3 Ne4 21. Qxd5
Rad8 22. Qc4 Kh7 23. Nb6 Qf8 24. Nd5 Ng3 25. Nf6+ Kh6 26. Nxe8 Rxe8 27. Qxa6
Bc7 28. Qf6 Ne4 29. Bxe4 Bxe4 30. Rd7 Bd8 31. Qxf7 Qxf7 32. Rxf7 h4 33. Rd1 Bf5
34. Bf6 Bxf6 35. Rxf6 1-0

[Event "4NCL/Div2/RICA vs. WES1"]
[Site "Birmingham ENG"]
[Date "2005.11.19"]
[Round "3.3"]
[White "Hinks-Edwards, Thomas"]
[Black "Simons, Martin J"]
[Result "1-0"]
[WhiteElo "2343"]
[BlackElo "2293"]
[PlyCount "103"]
[EventDate "2005.11.19"]
[EventType "team"]
[EventRounds "11"]
[EventCountry "ENG"]
[SourceDate "2005.10.25"]

1. e4 Nc6 2. Nf3 d5 3. exd5 Qxd5 4. Nc3 Qa5 5. Bb5 Bd7 6. O-O a6 7. Ba4 O-O-O
8. d4 f6 9. Be3 e5 10. d5 Bb4 11. Bb3 Nce7 12. Bd2 Nf5 13. a3 Bxc3 14. Bxc3 Qb6
15. Qd2 Nge7 16. Ba5 Qa7 17. Qc3 b6 18. Bb4 Bb5 19. Rfd1 Nd6 20. a4 Be2 21. Re1
Bxf3 22. Qxf3 a5 23. Ba3 Nef5 24. c3 Kb7 25. Bc2 Ne7 26. b4 Rhe8 27. Rad1 h6
28. bxa5 Qxa5 29. Bb4 Qa7 30. a5 b5 31. Bd3 e4 32. Bxe4 Nec8 33. Bd3 Ka6 34. h3
Qb7 35. Rxe8 Rxe8 36. g3 Re5 37. Bf1 Rf5 38. Qd3 Qa7 39. Qd4 Ne4 40. Qxe4 Qxf2+
41. Kh1 Rf3 42. Bg2 Re3 43. Qf4 Qxg3 44. Qxg3 Rxg3 45. Re1 f5 46. Re6+ Nd6 47.
Kg1 f4 48. Kf2 h5 49. h4 g5 50. hxg5 h4 51. Rh6 h3 52. Bxh3 1-0